Un sistema automatizado de identificación de rasgos faciales (retrato hablado) para la población mexicana (Registro nro. 174172)

Detalles MARC
000 -LEADER
fixed length control field 00653nam a2200145Ia 4500
008 - FIXED-LENGTH DATA ELEMENTS--GENERAL INFORMATION
fixed length control field 240514t2013||||xx |||||||||||||| ||spa||
100 ## - MAIN ENTRY--PERSONAL NAME
Personal name Serrano-Sánchez, Carlos
119 ## -
-- Criminalistica
-- Retrato hablado
245 #0 - TITLE STATEMENT
Title Un sistema automatizado de identificación de rasgos faciales (retrato hablado) para la población mexicana
260 ## - PUBLICATION, DISTRIBUTION, ETC. (IMPRINT)
Name of publisher, distributor, etc Centro Universitario de Investigaciones Bibliotecológicas, UNAM
Date of publication, distribution, etc 2013
538 ## - SYSTEM DETAILS NOTE
Nota de detalles del sistema Acceso vía web
650 ## - SUBJECT ADDED ENTRY--TOPICAL TERM
Topical term or geographic name as entry element Retrato hablado
650 14 - SUBJECT ADDED ENTRY--TOPICAL TERM
Topical term or geographic name as entry element Criminales
856 ## - LOCALIZACIÓN Y ACCESO ELECTRÓNICO
Identificador Uniforme del Recurso (URI/URL) https://ru.iibi.unam.mx/jspui/bitstream/IIBI_UNAM/CL484/1/bibliotecologia_documentacion_internacionalizacion_carlos_serrano_sanchez.pdf
999 ## -
-- 174172
-- 174172

No hay ítems disponibles.


CONTACTO


NOSOTROS


SITIOS DE INTERES

coordinacion.biblioteca.biblioteca@unienlinea.mx Misión, Visión y Objetivos Bases de datos
Directorio Bibliotecas Digitales y Repositorios
Normatividad Revistas y artículos
Convenios interbibliotecarios
Boletines



Hecho en México. Universidad Insurgentes (UIN). Todos los derechos reservados 2024. Esta página y sus contenidos pueden ser reproducidos con fines no lucrativos, siempre y cuando no se mutile, se cite la fuente completa y su dirección electrónicas. De otra forma requiere permiso previo por escrito de la institución




2024 Copyright Universidad Insurgentes | www.bibliouin.com.mx